000 00262nam a22001097a 4500
082 _222
_a294.344
100 _aNA
245 _aTenpai Zhapa Dherothee Khenphen Lamzang /
260 _aDDC Thimphu,
_bDDC Thimphu,
_cc1999.
300 _a00,;
_bNA
_c24cm
942 _2ddc
_cBK
999 _c664
_d664